000
00302nam a22001337a 4500
008
170424b xxu||||| |||| 00| 0 eng d
020
_a
9780716743392
041
_a
eng
080
_2
4TH
_a
577
100
_a
12
101
_a
SHM
245
_a
PRINCIPLES OF BIOCHEMISTRY
_c
NELSON, D.L
942
_2
udc
_c
BK
999
_c
11675
_d
11675